00753cam a2200205 4500008004100000020001500041035001200056050002600068100001900094245010700113260004000220300002900260440003100289500006300320504003900383506002000422600003500442650004000477700003000517050221t19911991sp ag b 000 0 spa u a8420685550 aa44418700aML410 b.P83 K73 19911 aKrause, Ernst.10aPuccini :bla historia de un éxito mundial / cErnst Krause ; tr. del alemán Jacobo Mir Mercader. aMadrid, España :bAlianza, c1991 a289 p. :bils. ;c21 cm. 0aAlianza música ;vNo. 55 aTraducción de : Puccini Beschreibung eines Welterfolges. aIncluye bibliografías e índice aRec. prop. esc.10aPuccini, Giacomo, d1858-1924.20aCompositores zItalia vBiografía1 aMir Mercader, Jacobo, tr.